Nations Amérindiennes d'Amérique Centrale du XVème Siècle sur Carte - Statistiques

Statistiques générales
  • Ce quiz a été pris 14 fois
  • Le résultat moyen est 3 sur 17
Réponses sur la Carte
Les réponses sont colorées sur une échelle allant du rouge au vert en fonction du pourcentage des utilisateurs qui les ont devinées à leur premier essai. Vous pouvez retrouver ces pourcentages ci-dessous.
 
Statistiques - réponses
Nations % Correct
Empire Aztèque
100%
Tlaxcala
45%
Mixtèques
27%
Mosquitos
27%
Zapotèques
27%
Itzá
18%
Taïnos
18%
Colima
9%
Huaxtèques
9%
Lenca
9%
Royaume Quiché
9%
Totonaques
9%
Xiu
9%
Cocomes
0%
Pipils
0%
Royaume Tarasque
0%
Tlapanèques
0%
Aucun quiz correspondant
Distribution des résultats
% des personnes avec chaque résultat
Percentile par nombre de réponses
Votre historique - résultats
Vous n’avez pas pris ce quiz